Word Ladder: Notable TV Game Show Hosts Quiz Stats

 Plays Quiz Updated May 16, 2019

Score 0/30 Timer 02:30
2 Plays Today
Clue 3-Letter Answer % Correct
• A place to buy alcoholic drinks •• BAR •
94.9%
Type of vehicleCAR
94.9%
Animals are covered in thisFUR
94.4%
Breathe this inAIR
94.4%
Male sheepRAM
93.6%
• Everything •• ALL •
93.4%
Type of treeFIR
93.1%
A type of beerALE
93%
• Used to chop wood •• AXE •
92.8%
Sweet potatoYAM
92%
Extreme happinessJOY
91.3%
A common blue birdJAY
91%
• Mongrel dog •• CUR •
90.4%
A useful type of bean or sauceSOY
89.7%
HurtAIL
89.2%
Clue 3-Letter Answer % Correct
What a golf ball is hit off ofTEE
89%
• Talk out loud •• SAY •
88.2%
Buzzing insectBEE
88%
A large shaggy Tibetan oxYAK
86.4%
A type of computer memoryROM
80.6%
• Video game duo, ___ and Daxter •• JAK •
79.9%
A common computer file endingEXE
79.2%
Exchange money for goodsPAY
77.9%
Poetic word for beforeERE
77.5%
StealROB
76%
• Light and gentle tap •• PAT •
75.9%
• Green Day drummer ___ Cool •• TRÉ •
74.8%
• To move up and down •• BOB •
70%
Arabic word for 'gateway'BAB
66.8%
• Real first name of singer Beck •• BEK •
37.6%

Today's Daily Dose

You're not logged in!

Compare scores with friends on all Sporcle quizzes.
OR
Log In

Show Comments

Extras

Top Quizzes Today


Score Distribution

Your Account Isn't Verified!

In order to create a playlist on Sporcle, you need to verify the email address you used during registration. Go to your Sporcle Settings to finish the process.

Report this User

Report this user for behavior that violates our Community Guidelines.

Details: